<?xml version="1.0" encoding="UTF-8"?>
<record
    xmlns:xsi="http://www.w3.org/2001/XMLSchema-instance"
    xsi:schemaLocation="http://www.loc.gov/MARC21/slim http://www.loc.gov/standards/marcxml/schema/MARC21slim.xsd"
    xmlns="http://www.loc.gov/MARC21/slim">

  <leader>01108naa a22002537i 4500</leader>
  <controlfield tag="001">232511</controlfield>
  <controlfield tag="003">ES-MaBCM</controlfield>
  <controlfield tag="005">20260303170907.0</controlfield>
  <controlfield tag="008">260226s2026    sp ||||| ||||o00| 0 spa d</controlfield>
  <datafield tag="040" ind1=" " ind2=" ">
    <subfield code="c">ES-MaBCM</subfield>
  </datafield>
  <datafield tag="100" ind1="1" ind2=" ">
    <subfield code="a">Bellido Venegas, Eva</subfield>
    <subfield code="9">131201</subfield>
  </datafield>
  <datafield tag="245" ind1="1" ind2="0">
    <subfield code="a">Cuidadoras de personas dependientes en Espa&#xF1;a :</subfield>
    <subfield code="b">desigualdades, invisibilidad social y consecuencias f&#xED;sicas y mentales = Carers of dependent individuals in Spain : inequalities, social invisibility, and physical and psychological consequences</subfield>
    <subfield code="c">Eva M.&#xAA; Bellido Venegas, M.&#xAA; Violante Mart&#xED;nez Quintana</subfield>
  </datafield>
  <datafield tag="500" ind1=" " ind2=" ">
    <subfield code="a">Contiene cuadros</subfield>
  </datafield>
  <datafield tag="504" ind1=" " ind2=" ">
    <subfield code="a">Bibliograf&#xED;a: p. 16-19</subfield>
  </datafield>
  <datafield tag="650" ind1=" " ind2="7">
    <subfield code="a">Personal de servicios</subfield>
    <subfield code="9">60240</subfield>
  </datafield>
  <datafield tag="650" ind1=" " ind2="7">
    <subfield code="a">Mujer en el trabajo</subfield>
    <subfield code="9">59496</subfield>
  </datafield>
  <datafield tag="650" ind1=" " ind2="7">
    <subfield code="a">Condici&#xF3;n de trabajo</subfield>
    <subfield code="9">58033</subfield>
  </datafield>
  <datafield tag="650" ind1=" " ind2="7">
    <subfield code="a">Desigualdad social</subfield>
    <subfield code="9">58386</subfield>
  </datafield>
  <datafield tag="650" ind1=" " ind2="0">
    <subfield code="a">Dependencia</subfield>
    <subfield code="9">124774</subfield>
  </datafield>
  <datafield tag="651" ind1=" " ind2="4">
    <subfield code="a">Espa&#xF1;a</subfield>
    <subfield code="9">115342</subfield>
  </datafield>
  <datafield tag="700" ind1="1" ind2=" ">
    <subfield code="a">Mart&#xED;nez Quintana, Mar&#xED;a Violante</subfield>
    <subfield code="9">29605</subfield>
  </datafield>
  <datafield tag="773" ind1="0" ind2=" ">
    <subfield code="d">Madrid</subfield>
    <subfield code="g">N. 193 (en.-marzo 2026), p. 3-20 - Loc. S.031</subfield>
    <subfield code="t">REIS revista espa&#xF1;ola de investigaciones sociol&#xF3;gicas</subfield>
    <subfield code="w">104569 </subfield>
  </datafield>
  <datafield tag="942" ind1=" " ind2=" ">
    <subfield code="2">udc</subfield>
    <subfield code="c">AREV</subfield>
  </datafield>
  <datafield tag="999" ind1=" " ind2=" ">
    <subfield code="c">232511</subfield>
    <subfield code="d">232511</subfield>
  </datafield>
  <datafield tag="952" ind1=" " ind2=" ">
    <subfield code="0">0</subfield>
    <subfield code="1">0</subfield>
    <subfield code="2">udc</subfield>
    <subfield code="4">0</subfield>
    <subfield code="7">0</subfield>
    <subfield code="a">BC</subfield>
    <subfield code="b">BC</subfield>
    <subfield code="c">SALA</subfield>
    <subfield code="d">2026-02-26</subfield>
    <subfield code="l">0</subfield>
    <subfield code="r">2026-02-26 12:06:50</subfield>
    <subfield code="w">2026-02-26</subfield>
    <subfield code="y">AREV</subfield>
  </datafield>
</record>
